00431nam a2200121Ia 4500008004100000041000800041080003600049245016300085260000900248300001000257003000900267040003300276180921t1984 xxu||||| ||||o00| 0 eng d aeng aActs Of Sri Lanka Nos.1-48 1984 aActs of Sri Lanka : Parliment of The Democratic Socialist Republic of Sri Lanka Protection of Tenats ( Special Provisions ) ( Amendment ) Act, No.16 of 1984 c1984 a23 cmLK-CoDNM aLK-CoDNMdLK-CoDNMeLK-CoDNM